000 00337nam a2200133Ia 4500
008 100328s9999 xx 000 0 und d
082 _b71730
100 _aप्रभावळकर दिलीप.
245 _aहसगत
260 _bराजहंस.
630 _aहसगत
730 _aहसगत
942 _cBOOK
999 _c557454
_d557451